000
00334nam a2200133Ia 4500
008
240624s9999 xx 000 0 und d
041
_a
eng
082
_a
658.8 HEI
100
_a
HEINZE ALEKSEJ
245
_a
DIGITAL AND SOCIAL MEDIA MARKETING A RES
260
_c
2017
_a
New Delhi
_b
Routledge
300
_a
320 : p.
365
_c
BPS
_b
31
999
_c
28769
_d
28769